000 01059nam a2200289Ia 4500
003 OSt
005 20220930084816.0
006 a|||||r|||| 00| 0
007 ta
008 220926b |||||||| |||| 00| 0 eng d
024 _a86095
037 _cTheses
040 _aCRL
_cCRL
_beng
041 _2eng
_aeng
100 _aSharma Sanjeev Kumar
_9536492
110 _aUniversity of Delhi. Faculty of Medical Sciences. Department of Medicine
245 0 _aPrehypertension, prediabetes and subclinical atherosclerosis in siblings and / or progeny of cad patients
260 _c2006
650 _aMEDICINE
700 _a Dr. Gopesh Mehrotra Gu.
700 _a Dr. Mukul P Agarwal Gu.
700 _a Dr. Shridhar Dwivedi Gu.
_9538181
700 _a Dr. V. G. Ramachandran Gu.
_9537549
700 _aUniversity of Delhi. Faculty of Medical Sciences. Department of Medicine
942 _cDIS
_2CC
999 _c877806
_d877806